The transfer of cognitive skill

Guardat en:
Dades bibliogràfiques
Autors principals: Singley, Mark K (Autor), Anderson, John R (Autor)
Format: Llibre
Idioma:espanyol
Publicat: Cambridge Harvard University Press 1989
Edició:1a. ed
Col·lecció:Cognitive Science Series
Matèries:
Etiquetes: Afegir etiqueta
Sense etiquetes, Sigues el primer a etiquetar aquest registre!

MARC

LEADER 00000cam a2200000 a 4500
001 UCE4478
003 CL-VaPUC
008 141023e19890000us |||||||||||||||||spa|d
020 |a 0674903404 
082 0 4 |a 370.15  |b SIN  |2 21 
100 0 |a Singley, Mark K  |e author  |9 577047 
700 0 |a Anderson, John R  |e author  |9 577048 
245 1 4 |a The transfer of cognitive skill 
250 |a 1a. ed 
300 |a 300 p 
942 |c BK 
945 |d 20141023 15:21:00  |a arojas 
260 |a Cambridge  |b Harvard University Press  |c 1989 
650 0 |a Psicología educacional   |9 307830 
650 7 |a HABILIDADES MENTALES  |2 CL-VaPUC  |9 420573 
650 0 |a Cognición   |9 270347 
650 0 |a Teoría del conocimiento   |9 255038 
583 |a last modification  |c 20141023 15:21:00  |k Rodrigo Vera 
490 0 |a Cognitive Science Series 
999 |c 357427  |d 357425 
952 |0 0  |1 0  |3 erd  |4 0  |6 370_150000000000000_SIN_1989  |7 0  |8 A  |9 465403  |a BIBEDU  |b BIBEDU  |i 5121345  |o 370.15 SIN 1989  |p 5121345  |r 2019-11-23  |w 2019-11-23  |y BK  |z Catalogado en:20141023  |k PSI